| 000 | 01456nam1a2200301 i 4500 | ||
|---|---|---|---|
| 001 | RU\NLR\BIBL_A\011143827 | ||
| 005 | 20260405213643.0 | ||
| 035 | _a(NLR Aleph) 011143827 | ||
| 090 |
_a11633090 _c11633090 |
||
| 100 | _a20160428g20159999k y0rusy50 ca | ||
| 101 | 0 | _arus | |
| 102 | _aRU | ||
| 105 | _a||||z|||||||| | ||
| 200 | 1 |
_aСнаряжение верховой лошади в Горном Алтае и Верхнем Приобье _dSaddle horse gear in Mountain Altai and Upper Ob Area _e[в 2 ч.] _fП.И. Шульга _gРос. акад. наук, Сиб. отд-ние, Ин-т археологии и этнографии _zeng |
|
| 210 |
_aНовосибирск _cРИЦ НГУ _d2015 |
||
| 215 | _d30 | ||
| 300 | _aАвт. также на англ. яз.: P.I. Shulga | ||
| 300 | _aНа 4-й с. обл. авт.: Шульга П.И. - к.ист.н. | ||
| 510 | 1 |
_6z45790 _aSaddle horse gear in Mountain Altai and Upper Ob Area _zeng |
|
| 606 | 1 |
_aКонское снаряжение и упряжь _xАрхеологические исследования _yАлтай _92161969 _3RU\NLR\AUTH\661301054 |
|
| 686 | 1 | _aТ4(2)275.131-413 | |
| 700 | 1 |
_8rus _7ca _aШульга _bП. И. _f1955- _gПетр Иванович _3RU\NLR\AUTH\7796662 _979588 |
|
| 790 | 1 |
_8rus _7ba _aŠul'ga _bP. I. _f1955- _gPetr Ivanovič _3RU\NLR\AUTH\7796663 _979589 |
|
| 852 |
_aNLR _j2016-8/1544 |
||
| 942 | _cBOOK | ||
| 980 | _aNBR | ||